Christmas Things - Statistics

General Stats
  • This quiz has been taken 69,283 times
  • The average score is 16 of 20
Answer Stats
Clue Answer % Correct
Plant that people kiss underneath Mistletoe
98%
Santa's toymakers Elves
97%
Animals that haul Santa around Reindeer
97%
Santa's mode of transportation Sleigh
97%
The other one Star
96%
Deck the halls with boughs of this Holly
89%
One of two decorations commonly placed atop a Christmas Tree Angel
88%
Creamy Christmas beverage Eggnog
88%
Footwear stuffed with presents Stockings
88%
Red and white striped peppermint candy Candy Canes
87%
Person-shaped cookie {Gingerbread} Man
87%
What baby Jesus laid inside Manger
81%
Silvery material sometimes used to decorate a tree Tinsel
80%
Christmas ring made of evergreen branches Wreath
78%
Calendar used to count days until Christmas Advent Calendar
77%
Noisemaker used on this vehicle Sleigh Bells
72%
Depiction of the birth of Jesus Nativity Scene
66%
Red flower that is mildly toxic Poinsettia
56%
Oft-ridiculed Christmas dessert with a very long shelf life Fruitcake
52%
Decorative cord wrapped around a Christmas tree Garland
35%
No matching quizzes found
Score Distribution
Percent of People with Each Score
Percentile by Number Answered
Your Score History
You have not taken this quiz